000 00524nam a22001817a 4500
005 20240322104618.0
008 240322b |||||||| |||| 00| 0 eng d
020 _a9781260143249
082 _a005.3
_bMON-P
100 _aMonk, Simon
245 _aProgramming arduino next steps :
_bGoing further with sketches /
_cSimon Monk
250 _a2nd ed.
260 _aindia:
_bMcGraw-Hill;
_c2019.
300 _axiv, 295 p. :
_bill;
_c23 cm.
500 _ainclude index.
650 _acomputer science/programming
999 _c35436
_d35436